| 000 | 01027nas a2200301 4500 | ||
|---|---|---|---|
| 001 | BR2012009589 | ||
| 003 | BR-BrBNA | ||
| 005 | 20231205121709.0 | ||
| 007 | ta | ||
| 008 | 230509b bl.|||p| |||| 00| 00por d | ||
| 040 |
_aBR-BrBNA _bpor _cBiblioteca Nacional de Agricultura |
||
| 041 | _a(Pt) | ||
| 072 | _aJ12; F03 | ||
| 100 | 1 | _aAguiar, F.F.A. | |
| 100 | 1 | _aTavares, A.R. | |
| 100 | 1 | _aKanashiro, S. | |
| 100 | 1 | _aLuz, P.B. da | |
| 100 | 1 | _aSantos Júnior, N.A. dos | |
| 245 | 1 | _aGerminação de sementes de Dalbergia nigra (Vell.)Allemao ex Benth. (Fabaceae-Papilionoideae)no armazenamento | |
| 650 | _aJACARANDÁ | ||
| 650 | _aPRODUÇÃO DE SEMENTES | ||
| 650 | _aETAPA DE DESENVOLVIMENTO DA PLANTA | ||
| 650 | _aVELOCIDADE | ||
| 773 | 0 |
_tCiência e Agrotecnologia (Brazil) _xISSN 1413-7054 _g(2010), v.34(Ed. Especial) p. 1624-1629 _wBR2012009589 |
|
| 856 | 4 | 0 | _uhttp://www.cloud.editora.ufla.br/revistas/cienagro/pdf/34-E-2010_06.pdf |
| 909 |
_a202311 _bLúcia _c55 _dLúcia Elande |
||
| 942 |
_2AGRIS _n0 _cANA |
||
| 999 |
_c224782 _d224782 |
||